Olympischer Medaillenspiegel - Rom 1960 - Statistiken

Allgemein
  • Dieses Quiz wurde 11 mal gespielt
  • Das Durchschnittsergebnis liegt bei 8 aus 10
Antwortstatistiken
Gold Silber Bronze Gesamt Land % Korrekt
12 19 11 42 Deutschland
100%
13 10 13 36 Italien
100%
4 7 7 18 Japan
100%
43 29 31 103 Sowjetunion
100%
34 21 16 71 Vereinigte Staaten
100%
8 8 6 22 Australien
91%
2 6 12 20 Großbritannien
64%
4 6 11 21 Polen
64%
6 8 7 21 Ungarn
64%
3 1 6 10 Rumänien
36%
Keine übereinstimmenden Quizze gefunden
Verteilung der Resultate
Anzahl Personen mit jedem Resultat
Perzentil nach korrekt beantworteten Fragen
Ihre Resultats-Entwicklung
Sie haben dieses Quiz noch nicht gespielt